| 000 | 02676nam a22003737a 4500 | ||
|---|---|---|---|
| 003 | DO-SdBNP | ||
| 005 | 20240904103921.0 | ||
| 008 | 201126b2001 dr o|||| |||| 00| 0 spa d | ||
| 040 |
_aDO-SdBNP _bspa _cBNPHU _erda |
||
| 082 | 4 |
_222 _bL364a |
|
| 100 |
_aLatta, Steven C _977446 _eautor |
||
| 240 | 1 | 0 |
_aCommon birds of the Dominican Republic / _lEspañol |
| 245 | 1 | 0 |
_aAves comunes de la República Dominicana = Common birds of the Dominican Republic / _cSteven C. Latta ; fotógrafos Eladio Fernández, Nicolás López, Francisco Rivas, Valérie Druguet ; traducciones Tess Kulstad, Pedro G. Rodríguez, Miguel Rodríguez, R. Eduardo Vásquez, Rafael Lorenzo y otro |
| 264 | 1 |
_aSanto Domingo : _bSociedad Ornitológica de la Hispaniola, _c2001. |
|
| 300 |
_a60 páginas _bfotografías _c23 cm. |
||
| 336 |
_atexto _btxt _2rdacontent |
||
| 337 |
_asin mediación _bn _2rdamedia |
||
| 338 |
_avolumen _bnc _2rdacarrier |
||
| 500 | _aTexto en español e inglés en columnas paralelas. | ||
| 505 | 2 |
_aÍndice de nombres locales = Index of local names -- _tAura tiñosa -- Barrancolí -- Búcaro -- Canario de manglar -- Carpintero -- Carrao -- Chinchilín -- Chua-chuá -- Cigua canaria -- Cigua palmera -- Cigüita común -- Cigüita de hierba -- Cigüita de los prados -- Cotorra -- Cra-crá -- Cuatro ojos -- Cuervo -- Cuyaya -- Flamenco -- Gallareta pico rojo -- Gallito prieto -- Garza de rizos -- Garza ganadera -- Garza pechiblanco -- Garza real -- Garzón cenizo -- Gaviota cabecinegra -- Gaviota real -- Gorrión -- Guaraguao -- Guinea -- Judío -- Julián chiví -- Lechuza común -- Madam sagá -- Pájaro bobo -- Paloma doméstica -- Paloma coronita -- Papagayo -- Patas amarillas menor -- Pato de la florida -- Pato de orilla -- Pechi-Jabao -- Pega palo -- Pelícano -- Perico -- Petigre -- Playerito -- Playero corredor -- Querebebé -- Rolita -- Ruiseñor -- Ti-íto -- Tijereta -- Tórtola -- Vencejito -- Viuda -- Yaguaza -- Zumbadorcito -- Zumbador grande / |
|
| 590 | _aInventariado, 2021/LP | ||
| 700 |
_4fot. _aFernández, Eladio _efotógrafo _969578 |
||
| 700 |
_4fot. _aLópez, Nicolás _efotógrafo _986511 |
||
| 700 |
_4fot. _aRivas, Francisco _efotógrafo _986512 |
||
| 700 |
_4fot. _aDruguet, Valérie _efotógrafo _986513 |
||
| 700 |
_4trad. _aKulstad, Tess _etraducciones _986514 |
||
| 700 |
_4trad. _aRodríguez, Pedro G. _etraducciones _986515 |
||
| 700 |
_4trad. _aRodríguez, Miguel _etraducciones _929851 |
||
| 700 |
_4trad. _aVásquez, R. Eduardo _etraducciones _986516 |
||
| 700 |
_4trad. _aLorenzo, Rafael _etraducciones _986517 |
||
| 700 |
_4trad. _aMorales, Marcos _etraducciones _929769 |
||
| 910 | _aLopérez | ||
| 942 |
_2ddc _cLBS1 |
||
| 999 |
_c49215 _d49215 |
||